Tableau d'addition aléatoire 4x4 (partie 2) - Statistiques

Statistiques générales
  • Ce quiz a été pris 387 fois
    381 depuis la dernière actualisation
  • Le résultat moyen est 12 sur 16
Statistiques - réponses
Réponse % Correct
29
100%
41
100%
62
99%
86
99%
46
91%
58
90%
79
89%
103
82%
58
78%
70
78%
91
73%
115
63%
96
55%
108
51%
129
37%
153
30%
Aucun quiz correspondant
Distribution des résultats
% des personnes avec chaque résultat
Percentile par nombre de réponses
Votre historique - résultats
Vous n’avez pas pris ce quiz depuis la dernière actualisation